Vol. 1. Materials Physics - Materials Mechanics; Micro- and Opto-Electronic Materials and Structures: Physics, Mechanics, Design, Reliability, Packaging

Detalles Bibliográficos
Parent link:Micro- and Opto-Electronic Materials and Structures: Physics, Mechanics, Design, Reliability, Packaging/ edited by E. Suhir, Y. C. Lee, C. P. Wong. Vol. 1. Materials Physics - Materials Mechanics.— , 2007-
Lenguaje:inglés
Publicado: 2007
Materias:
Formato: Libro
KOHA link:https://koha.lib.tpu.ru/cgi-bin/koha/opac-detail.pl?biblionumber=140635

MARC

LEADER 00000nam2a2200000 4500
001 140635
005 20231031142119.0
010 |a 0387279741 
035 |a (RuTPU)RU\TPU\book\152357 
090 |a 140635 
100 |a 20080703d2007 k y0engy50 ba 
101 0 |a eng 
102 |a US 
105 |a a z 001zy 
200 0 |a Vol. 1. Materials Physics - Materials Mechanics 
210 |d 2007 
215 |a 725 p.  |c il. 
320 |a Библиография в конце глав. 
320 |a Index: p. 701-725. 
461 1 |0 (RuTPU)RU\TPU\book\152604  |t Micro- and Opto-Electronic Materials and Structures: Physics, Mechanics, Design, Reliability, Packaging  |f edited by E. Suhir, Y. C. Lee, C. P. Wong  |v Vol. 1. Materials Physics - Materials Mechanics  |d 2007-  
610 1 |a электроника 
610 1 |a фотоэлектроника 
610 1 |a оптоэлектроника 
610 1 |a оптоэлектронные материалы 
610 1 |a микроэлектронные материалы 
610 1 |a микроэлектронные структуры 
610 1 |a теория 
610 1 |a физические свойства 
610 1 |a механические свойства 
610 1 |a конструкционные свойства 
610 1 |a английский язык 
675 |a 621.383.002.3  |v 3 
801 1 |a RU  |b 63413507  |c 20080703  |g PSBO 
801 2 |a RU  |b 63413507  |c 20080710  |g PSBO 
942 |c BK